000 00306nam a22001337a 4500
008 180919b xxu||||| |||| 00| 0 eng d
020 _a0815176384
041 _aeng
080 _a610
100 _a3
101 _aSHM
245 _aClinical Application Of Blood Gases
_cShapiro,B.A
942 _2udc
_cBK
999 _c47991
_d47991